Pod záštitou OSN.

Smernica na ochranu spotrebiteľa a Charta spotrebiteľského pôsobenia - dokumenty svetového spotrebiteľského hnutia prijaté v OSN r.1985. Združenie slovenských spotrebiteľov ako členská organizácia Medzinárodnej organizácie spotrebiteľských zväzov (IOCU). Svetový deň spotrebiteľských práv 15. marec.

Salvato in:
Dettagli Bibliografici
Autore principale: Hraško, Pavel
Natura: Capitolo di libro
Lingua:slovacco
Soggetti:
Tags: Aggiungi Tag
Nessun Tag, puoi essere il primo ad aggiungerne!!

MARC

LEADER 00000naa a2200000 4500
001 r013137
005 20221213123648.0
041 0 |a slo 
044 |a SK 
245 1 0 |a Pod záštitou OSN.  |c Pavol Hraško 
520 |a Smernica na ochranu spotrebiteľa a Charta spotrebiteľského pôsobenia - dokumenty svetového spotrebiteľského hnutia prijaté v OSN r.1985. Združenie slovenských spotrebiteľov ako členská organizácia Medzinárodnej organizácie spotrebiteľských zväzov (IOCU). Svetový deň spotrebiteľských práv 15. marec. 
610 2 0 |a ochrana spotrebiteľa 
610 2 0 |a charta 
610 2 0 |a OSN 
610 2 0 |a Združenie slovenských spotrebiteľov 
610 2 0 |a IOCU 
100 1 |a Hraško, Pavel